H σχέση τέχνης παιχνιδιού και πραγματικότητας : πρόταση για τη δημιουργία ενός εικονικού computer game : διπλωματική εργασία

Αποθηκεύτηκε σε:
Λεπτομέρειες βιβλιογραφικής εγγραφής
Κύριος συγγραφέας: Χατζοπούλου, Ειρήνη Γ.
Συγγραφή απο Οργανισμό/Αρχή: Πανεπιστήμιο Αιγαίου. Σχολή Κοινωνικών Επιστημών. Τμήμα Πολιτισμικής Τεχνολογίας και Επικοινωνίας. Πρόγραμμα Μεταπτυχιακών Σπουδών Πολιτισμική Πληροφορική και Επικοινωνία
Μορφή: Thesis Βιβλίο
Γλώσσα:Greek
Δημοσίευση: 2007.
Θέματα:
Διαθέσιμο Online:http://hdl.handle.net/11610/16417
Ετικέτες: Προσθήκη ετικέτας
Δεν υπάρχουν, Καταχωρήστε ετικέτα πρώτοι!

MARC

LEADER 00000cam a2200000 i 4500
001 1/1082
008 090826s2007 gr | ||| |||| ||gre||
035 |l 10105467 
040 |a GR-MyUa  |b gre  |e AACR2 
041 0 |a gre 
082 7 |a 794.81526   |2 (22) 
100 1 |a Χατζοπούλου, Ειρήνη Γ. 
245 1 2 |a H σχέση τέχνης παιχνιδιού και πραγματικότητας :   |b πρόταση για τη δημιουργία ενός εικονικού computer game : διπλωματική εργασία /   |c Ειρήνη Χατζοπούλου ; επιβλέπων καθηγητής: Χρήστος Αναγνωστόπουλος. 
260 |c 2007. 
300 |a 91 σ. :   |b εικ. ;   |c 30 εκ. 
502 |a Διατριβή (μεταπτυχιακή) – Πανεπιστήμιο Αιγαίου, Λέσβος, 2007. 
650 0 0 |a Computer games  |x Social aspects. 
650 0 0 |a Computer games. 
650 0 0 |a Virtual reality. 
650 0 0 |a Dissertations, Academic  |z Greece. 
700 1 |a Αναγνωστόπουλος, Χρήστος,  |e dgs 
710 2 |a Πανεπιστήμιο Αιγαίου.   |b Σχολή Κοινωνικών Επιστημών.   |b Τμήμα Πολιτισμικής Τεχνολογίας και Επικοινωνίας.   |b Πρόγραμμα Μεταπτυχιακών Σπουδών Πολιτισμική Πληροφορική και Επικοινωνία. 
852 |a INST  |b LESVOS  |c DIATR  |e 20090826  |h 141  |p 005100045114  |q 005100045114  |t MTXE  |y 23 
852 |a INST  |b LESVOS  |c DIATR  |e 20090826  |h 142  |p 005100045115  |q 005100045115  |t MTXE  |y 23 
856 |u http://hdl.handle.net/11610/16417 
901 |a BIBL1-2009-2 
924 |a Χατζοπούλου  |b Ειρήνη Γ.  |y Λέσβος  |z 2007-11 
970 |a ΤΖΑΦΕΡΗ  |b ΕΥΑΓΓΕΛΙΑ  |z 2009/08/26